Yunan arşiv kaynaklarında işgal Eskişehir'i / (Record no. 15221)

MARC details
000 -BAŞLIK
Sabit Uzunlukta Kontrol Alanı 00885nam a22002537a 4500
999 ## - SİSTEM KONTROL NUMARALARI (KOHA)
Koha Biblionumber 15221
Koha Biblioitemnumber 15221
003 - KONTROL NUMARASI IDENTIFIER
Denetim Alanı MIRAKIL
005 - SON İŞLEM TARİHİ VE ZAMANI
Denetim Alanı 20230426114615.0
008 - SABİT-BOY VERİ ELEMANLARI - GENEL BİLGİLER
Sabit Uzunlukta Kontrol Alanı 230426b tu ||||| |||| 00| 0 tur d
020 ## - ULUSLARARASI STANDART KİTAP NUMARASI
Uluslararası Standart Kitap Numarası 9789753334112
040 ## - KATALOGLAMA KAYNAK
Orijinal Kataloglama Ajansı TR-AnCHP
Metne Dönüştürmek Ajansı TR-AnCHP
041 ## - DİL KODU
Metin / Ses Parça Veya Ayrı Başlığın Dil Kodu tur
082 ## - DEWEY ONLU SINIFLANDIRMA NUMARASI
Sınıflandırma Numarası 956.56514
Ürün Numarası Y85 2022
245 ## - BAŞLIK TABLOSU
Başlık Yunan arşiv kaynaklarında işgal Eskişehir'i /
Sorumluluk Tablosu, Vb editörler: Mehmet Ö. Alkan, Ayşe Özil
260 ## - YAYIN, DAĞITIM, VB
Yayın, Dağıtım, Vb Yeri İstanbul:
Yayıncı, Dağıtıcı, Vs Adı Tarih Vakfı Yurt Yayınları,
Yayın, Dağıtım, Vb Tarihi 2022.
300 ## - FİZİKSEL TANIM
Kapsam xvi, 149 s.:
Diğer Fiziksel Ayrıntıları fotg.;
Boyutlar 21 sm.
504 ## - KAYNAKÇA VB NOT
Kaynakça Vb Notu Kaynakça bölüm sonlarındadır.
650 #0 - KONU KATMA GİRİŞ - TOPİKAL DÖNEM
9 (RLIN) 6033
Topikal Süreli Veya Coğrafi Ad Giriş Elemanı Milli mücadele
Genel Alt Bölümü Eskişehir
-- Tarih
650 #0 - KONU KATMA GİRİŞ - TOPİKAL DÖNEM
9 (RLIN) 4
Topikal Süreli Veya Coğrafi Ad Giriş Elemanı Türkiye
Genel Alt Bölümü Tarih
-- Kurtuluş savaşı
651 #0 - KONU KATMA GİRİŞ - COĞRAFİ ADI
9 (RLIN) 7400
Coğrafi İsim Eskişehir (Türkiye)
Genel Alt Bölümü Tarih
Kronolojik Alt Bölümü Milli mücadele
Genel Alt Bölümü Arşiv kaynakları
700 1# - KATMA GİRİŞ - KİŞİSEL İSİM
9 (RLIN) 3730
Kişisel Ad Alkan, Mehmet Ö.
Relator Terim ed.
700 ## - KATMA GİRİŞ - KİŞİSEL İSİM
9 (RLIN) 7401
Kişisel Ad Özil, Ayşe
Relator Terim ed.
942 ## - EKLENDİ GİRİŞ ELEMANLARI (KOHA)
Sınıflandırma Veya Raf Düzeni Kaynak Dewey Decimal Classification
Koha Öğesi Türü Books
999 ## - SİSTEM KONTROL NUMARALARI (KOHA)
Koha Biblioitemnumber 15221
Holdings
Kalıcı Konum Mevcut Konum Edinme Tarihi Toplam Check-Out'Lar Tam Çağrı Numarası Barkod Tarih Son Görülme İtibaren Geçerli Fiyatlar Koha Öğesi Türü
CHP Kütüphanesi CHP Kütüphanesi 04/26/2023   956.56514 Y85 2022 020814 04/26/2023 04/26/2023 Books